Southville International School and Colleges
Your cart is empty.
  • Cart
  • Lists
    Public lists Eva Luna New books Lux_list list_1
    Your lists Log in to create your own lists
  • Log in to your account
  • Your cookies
  • Search history
Southville International School and Colleges
  • Advanced search
  • Recent comments
  • Most popular
  • Libraries

Log in to your account

Log in with GOOGLE


If you do not have an external account, but do have a local account, you can still log in:

  1. Home
  2. MARC view: News as entertainment :
Normal view MARC view ISBD view

News as entertainment : (Record no. 24530)

[ view plain ]
MARC details
000 -LEADER
fixed length control field 00715nam a2200217 a 4500
005 - DATE AND TIME OF LATEST TRANSACTION
control field 20140310183527.0
008 - FIXED-LENGTH DATA ELEMENTS--GENERAL INFORMATION
fixed length control field 111013s19uu xx 00 eng d
010 ## - LIBRARY OF CONGRESS CONTROL NUMBER
LC control number 2007939975
020 ## - INTERNATIONAL STANDARD BOOK NUMBER
International Standard Book Number 9780761968795
050 ## - LIBRARY OF CONGRESS CALL NUMBER
Classification number PN 4784.T4
Item number .T485 2010
100 ## - MAIN ENTRY--PERSONAL NAME
Personal name Thussu, Daya Kishan
245 ## - TITLE STATEMENT
Title News as entertainment :
Remainder of title the rise of global infotainment /
Statement of responsibility, etc Daya Kishan Thussu.
260 ## - PUBLICATION, DISTRIBUTION, ETC. (IMPRINT)
Place of publication, distribution, etc Thousand Oaks, Calif :
Name of publisher, distributor, etc SAGE,
Date of publication, distribution, etc 2010.
300 ## - PHYSICAL DESCRIPTION
Extent ix, 214 p. :
Dimensions 24 cm.
500 ## - GENERAL NOTE
General note Includes bibliographical references (p. [180]-201) and index.
521 ## - TARGET AUDIENCE NOTE
Target audience note
650 ## - SUBJECT ADDED ENTRY--TOPICAL TERM
Topical term or geographic name as entry element Television broadcasting of news
General subdivision Economic aspects
650 ## - SUBJECT ADDED ENTRY--TOPICAL TERM
Topical term or geographic name as entry element Sensationalism in journalism
942 ## - ADDED ENTRY ELEMENTS (KOHA)
Koha item type Books
Source of classification or shelving scheme Library of Congress Classification
Call number prefix Foreign
Holdings
Withdrawn status Lost status Source of classification or shelving scheme Damaged status Home library Current library Shelving location Date acquired Source of acquisition Cost, normal purchase price Total Checkouts Full call number Barcode Date last seen Date checked out Copy number Price effective from Koha item type
    Library of Congress Classification   College Library College Library General Circulation Section 10/13/2011 Donation 3178.00 1 PN 4784.T4 .T485 2010 C12672 11/15/2019 11/08/2019 1 10/18/2013 Books

News as entertainment :

APA

Thussu D. K., . (2010). News as entertainment. Thousand Oaks, Calif: SAGE.

Chicago

Thussu Daya Kishan, . 2010. News as entertainment. Thousand Oaks, Calif: SAGE.

Harvard

Thussu D. K., . (2010). News as entertainment. Thousand Oaks, Calif: SAGE.

MLA

Thussu Daya Kishan, . News as entertainment. Thousand Oaks, Calif: SAGE. 2010.

  • Place hold
  • Print
  • Cite
  • Add to your cart (remove)
  • Save record
    BIBTEX Dublin Core MARCXML MARC (non-Unicode/MARC-8) MARC (Unicode/UTF-8) MARC (Unicode/UTF-8, Standard) MODS (XML) RIS
  • More searches
    Search for this title in:
    Other Libraries (WorldCat) Other Databases (Google Scholar) Online Stores (Bookfinder.com) Open Library (openlibrary.org)

Exporting to Dublin Core...

SOUTHVILLE LIBRARY

Southville International School and Colleges Library

1281 Tropical Ave. Cor. Luxembourg St., BF Homes International, Las Pinas City

Tel. No. 8256374 / 252358 Loc. 117/146

Powered by Koha